书目信息 |
| 题名: |
朝鲜通史
|
|
| 作者: | ;朝鲜民主主义人民共和国科学院历史研究所 著 ;吉林省哲学社会科学研究所 译 | |
| 分册: | 上卷 | |
| 出版信息: | 长春 吉林人民出版社 1973 |
|
| 页数: | 683-1070页 | |
| 开本: | 20cm | |
| 丛书名: | ||
| 单 册: | ||
| 中图分类: | K312.0 | |
| 科图分类: | ||
| 主题词: | 通史-朝鲜 | |
| 电子资源: | ||
| ISBN: | ||
| 000 | 00885nam0 2200253 45 | |
| 001 | 0175003326 | |
| 005 | 20061116150153.71 | |
| 010 | @dCNY1.00 | |
| 100 | @a19950927d1973 em y0chiy0121 ea | |
| 101 | 1 | @achi@ckor |
| 102 | @aCN@b220000 | |
| 105 | @ay z 000yy | |
| 200 | 10 | @a朝鲜通史@Achao xian tong shi@h上卷@f朝鲜民主主义人民共和国科学院历史研究所著@h第三分册@g吉林省哲学社会科学研究所译 |
| 210 | @a长春@c吉林人民出版社@d1973 | |
| 215 | @a683-1070页@d20cm | |
| 300 | @a内部读物 | |
| 606 | @a通史-朝鲜 | |
| 607 | @a朝鲜-通史 | |
| 690 | @aK312.0@v3 | |
| 711 | 02 | @a朝鲜民主主义人民共和国科学院历史研究所@Achao xian min zhu zhu yi ren min gong he guo ke xue yuan li shi yan jiu suo@4著 |
| 712 | 02 | @a吉林省哲学社会科学研究所@Aji lin sheng zhe xue she hui ke xue yan jiu suo@4译 |
| 801 | 0 | @aCN@bTSSF@c20061116 |
| 801 | 2 | @aCN@bNLC@c20061116 |
| 905 | @a10447@dK312.0@e2:1(3) | |
| 朝鲜通史.上卷/朝鲜民主主义人民共和国科学院历史研究所著.第三分册/吉林省哲学社会科学研究所译.-长春:吉林人民出版社,1973 |
| 683-1070页;20cm |
| 内部读物 |
| ISBN :CNY1.00 |
| ● |
| 相关链接 |
|
|
|
|
正题名:朝鲜通史
索取号:K312.0/2:1(3)
 
预约/预借
| 序号 | 登录号 | 条形码 | 馆藏地/架位号 | 状态 | 备注 |
| 1 | 0218846 | 000358598 | 第二样本阅览室/ [索取号:K312.0/2:1(3)] | 在馆 |